000
00414nam a2200157Ia 4500
008
090124s9999 xx 000 0 und d
082
_b
204946
245
_a
पंचतंत्र
250
_a
1
260
_b
कौशिक अशोक
_c
2000
300
_a
166
630
_a
पंचतंत्र
700
_a
कौशिक अशोक
730
_a
पंचतंत्र
942
_c
BOOK
999
_c
186527
_d
186527